Một số kết quả nghiên cứu về cây ngô T.1 Một số kết quả nghiên cứu về cây ngô
Những thành tựu nghiên cứu về di truyền chọn giống sinh học, hoá sinh, sinh lí, kĩ thuật trồng, cơ khí hoá đối với cây ngô của Liên xô, Pháp, Mỹ, Trung quốc,, Đức, Tiệp khắc
Đã lưu trong:
| Údair Eile: | , |
|---|---|
| Formáid: | Leabhar |
| Teanga: | Vietnamese |
| Foilsithe: |
H.
Khoa học kỹ thuật
1972
|
| Ábhair: | |
| Clibeanna: |
Cuir Clib Leis
Gan Chlibeanna, Bí ar an gcéad duine leis an taifead seo a chlibeáil!
|
| Thư viện lưu trữ: | Mạng thư viện Đại học Đà Nẵng |
|---|
| LEADER | 01575nam a2200373 4500 | ||
|---|---|---|---|
| 001 | 000013639 | ||
| 003 | 9983 | ||
| 005 | 20120320090330.0 | ||
| 008 | 120320s1972 viesd | ||
| 020 | |c 1đ | ||
| 041 | 0 | |a vie | |
| 082 | |a 633.15 |b KÊT | ||
| 245 | 1 | 0 | |a Một số kết quả nghiên cứu về cây ngô |c Người dịch: Nguyễn Xuân Hiển... ; Hiệu đính: Nguyễn Xuân Hiển |n T.1 |p Một số kết quả nghiên cứu về cây ngô |
| 260 | |a H. |b Khoa học kỹ thuật |c 1972 | ||
| 300 | |a 434tr |c 19cm | ||
| 520 | |a Những thành tựu nghiên cứu về di truyền chọn giống sinh học, hoá sinh, sinh lí, kĩ thuật trồng, cơ khí hoá đối với cây ngô của Liên xô, Pháp, Mỹ, Trung quốc,, Đức, Tiệp khắc | ||
| 653 | |a cây ngô | ||
| 653 | |a nghiên cứu | ||
| 653 | |a nông nghiệp | ||
| 653 | |a thế giới | ||
| 700 | |a Bùi Kim Hoa |a Hồ Sĩ Phấn |a Nguyễn Xuân Hiển |a Vũ Hữu Yêm |e Dịch | ||
| 700 | |a Đinh Văn Lữ |e Dịch | ||
| 773 | |t Một số kết quả nghiên cứu về cây ngô |w 9981 | ||
| 910 | |a duyên | ||
| OWN | |a LSP | ||
| AVA | |a UDN50 |b LSP |d 633.15 KÊT |e available |t Error 5001 Not defined in file expand_doc_bib_avail. |f 1 |g 0 |h N |i 0 |k 1 | ||
| 999 | |a From the UDN01 | ||
| AVA | |a UDN50 |b LSP |d 633.15 KÊT |e available |t Error 5001 Not defined in file expand_doc_bib_avail. |f 1 |g 0 |h N |i 0 |k 1 | ||
| TYP | |a Monograph | ||
| TYP | |a Printed language | ||
| 980 | |a Mạng thư viện Đại học Đà Nẵng | ||